The embattled parent. (Record no. 14707)

000 -LEADER
fixed length control field 00713nam a2200217 a 4500
001 - CONTROL NUMBER
control field :::00012540$&:&@@
003 - CONTROL NUMBER IDENTIFIER
control field OkBaRHE
005 - DATE AND TIME OF LATEST TRANSACTION
control field 20100402121908.0
008 - FIXED-LENGTH DATA ELEMENTS--GENERAL INFORMATION
fixed length control field s1980 j 000 0 eng u
040 ## - CATALOGING SOURCE
Transcribing agency
100 1# - MAIN ENTRY--PERSONAL NAME
Personal name Lentz, Gloria, 1933-
245 14 - TITLE STATEMENT
Title The embattled parent.
260 ## - PUBLICATION, DISTRIBUTION, ETC. (IMPRINT)
Place of publication, distribution, etc Westport, CT., :
Name of publisher, distributor, etc Arlington House
Date of publication, distribution, etc 1980
300 ## - PHYSICAL DESCRIPTION
Extent 304 p. : illus. ;
Dimensions 24 cm.
650 ## - SUBJECT ADDED ENTRY--TOPICAL TERM
Topical term or geographic name as entry element Conflict of Generations
650 ## - SUBJECT ADDED ENTRY--TOPICAL TERM
Topical term or geographic name as entry element Parent and Child
General subdivision United States
650 ## - SUBJECT ADDED ENTRY--TOPICAL TERM
Topical term or geographic name as entry element Parenthood
General subdivision Psychological aspects
650 ## - SUBJECT ADDED ENTRY--TOPICAL TERM
Topical term or geographic name as entry element United States
General subdivision Moral Conditions
942 ## - ADDED ENTRY ELEMENTS (KOHA)
Source of classification or shelving scheme
Koha item type Books
Copies
Lost status Price effective from Permanent Location Withdrawn status Source of classification or shelving scheme Barcode Date acquired Koha item type Not for loan Shelving location Full call number Date last seen Copy number Damaged status
 2010-04-14RHEMA Bible Training College  125402010-04-14Books General StacksHQ 755.85 .L46 19802010-04-141